LEADER 01280nam a2200253 i 4500 001 000000332526 003 CaOOAMICUS 005 20250707115551.0 008 190208n2017 it a u000 u ita u 020 $a978-88-319-0600-5 040 $aSeMil$bita 100 1 $aManzoni, Alessandro,$d<1785-1873>.$0(OLS)http://semarc/name/1162 240 10$aInni sacri e odi civili.$0(OLS)http://semarc/title/421416 245 10$a1: Inni sacri e odi civili / $cAlessandro Manzoni ; introduzione e commento di Pierantonio Frare. 264 1$aMilano :$bCentro Nazionale Studi Manzoniani,$c2017. 300 $aCXIV, 520 p., [9] carte di tav. :$bill. ;$c23 cm 700 1 $aFrare, Pierantonio.$0(OLS)http://semarc/name/52101 773 0 $aManzoni, Alessandro <1785-1873>$tEdizione nazionale ed europea delle opere di Alessandro Manzoni.$dMilano : Centro Nazionale Studi Manzoniani, 2000-$w()30030 850 $aSeMil 852 $aSeMil$W1$xVenegono$y1$m1F III 1$j210401$B224348$CSeMilBibl$Z2$F224348 $81 996 $6020$a978-88-319-0600-5$9(OLS)http://semarc/number/286560 996 $6245$a1: Inni sacri e odi civili / $9(OLS)http://semarc/title/421415 996 $6264$aMilano :$bCentro Nazionale Studi Manzoniani$9(OLS)http://semarc/publisher/34813 LEADER 01409nam a2200289 i 4500 001 000000064746 003 CaOOAMICUS 005 20131014000000.0 008 131014s1963 xx u000 u fre u 013 $a35918 040 $aSeMil$bita 100 1 $aRenaud, Bernard.$0(OLS)http://semarc/name/17480 245 10$aJe suis un Dieu Jaloux :$bévolution sémantique et signification théologique de qine'ah /$cBernard Renaud. 246 04$iTitolo in copertina:$aJe suis un Dieu Jaloux : étude d'un thème biblique 260 $aParis :$bLes Éditions du Cerf,$ccopyr. 1963. 300 $a159 p. ;$c23 cm. 490 0 $aLectio divina [Cerf] ;$v36 500 $aContiene : Appendice. 650 4$aTeologia biblica - AT.$0(OLS)http://semarc/subject/540 650 4$aBibbia - Dio - Immagine.$0(OLS)http://semarc/subject/10577 650 4$aBibbia - Dio - Gelosia.$0(OLS)http://semarc/subject/12631 830 0$aLectio divina ;$v36.$0(OLS)http://semarc/title/8 850 $aSeMil 852 $aSeMil$W1$xVenegono$y1$m2WA K 36$j30899$B30899$CSeMilBibl$Z2$F30902 $81 996 $6245$aJe suis un Dieu Jaloux :$bévolution sémantique et signification théologique de qine'ah$9(OLS)http://semarc/title/102613 996 $6246$aJe suis un Dieu Jaloux : étude d'un thème biblique$9(OLS)http://semarc/title/102614 996 $6260$aParis :$bLes Éditions du Cerf$9(OLS)http://semarc/publisher/29611